<?xml version="1.0" encoding="UTF-8"?><marc:collection xmlns:marc="http://www.loc.gov/MARC21/slim">
  <marc:record>
    <marc:leader>00000nam  2200000za 4500</marc:leader>
    <marc:controlfield tag="001">9.808665</marc:controlfield>
    <marc:controlfield tag="003">CaOODSP</marc:controlfield>
    <marc:controlfield tag="005">20240327104109</marc:controlfield>
    <marc:controlfield tag="007">cr |||||||||||</marc:controlfield>
    <marc:controlfield tag="008">160107s2017    onc     ot   f|0| 0 fre  </marc:controlfield>
    <marc:datafield tag="020" ind1=" " ind2=" ">
      <marc:subfield code="a">9780660041377</marc:subfield>
    </marc:datafield>
    <marc:datafield tag="040" ind1=" " ind2=" ">
      <marc:subfield code="a">CaOODSP</marc:subfield>
      <marc:subfield code="b">fre</marc:subfield>
    </marc:datafield>
    <marc:datafield tag="043" ind1=" " ind2=" ">
      <marc:subfield code="a">n-cn---</marc:subfield>
    </marc:datafield>
    <marc:datafield tag="086" ind1="1" ind2=" ">
      <marc:subfield code="a">CH57-3/1-31-2016F-PDF</marc:subfield>
    </marc:datafield>
    <marc:datafield tag="100" ind1="1" ind2=" ">
      <marc:subfield code="a">Iraci, J. </marc:subfield>
      <marc:subfield code="q">(Joe)</marc:subfield>
    </marc:datafield>
    <marc:datafield tag="245" ind1="1" ind2="3">
      <marc:subfield code="a">La numérisation des bandes vidéo VHS </marc:subfield>
      <marc:subfield code="h">[ressource électronique] / </marc:subfield>
      <marc:subfield code="c">Joe Iraci.</marc:subfield>
    </marc:datafield>
    <marc:datafield tag="260" ind1=" " ind2=" ">
      <marc:subfield code="a">Ottawa : </marc:subfield>
      <marc:subfield code="b">Patrimoine canadien, </marc:subfield>
      <marc:subfield code="c">c2017.</marc:subfield>
    </marc:datafield>
    <marc:datafield tag="300" ind1=" " ind2=" ">
      <marc:subfield code="a">98, 74 p.</marc:subfield>
    </marc:datafield>
    <marc:datafield tag="490" ind1="1" ind2=" ">
      <marc:subfield code="a">Bulletin technique (Canadian Conservation Institute) ; </marc:subfield>
      <marc:subfield code="v">31</marc:subfield>
    </marc:datafield>
    <marc:datafield tag="500" ind1=" " ind2=" ">
      <marc:subfield code="a">Publi. aussi en anglais sous le titre : The digitization of VHS video tapes.</marc:subfield>
    </marc:datafield>
    <marc:datafield tag="500" ind1=" " ind2=" ">
      <marc:subfield code="a">Titre de départ.</marc:subfield>
    </marc:datafield>
    <marc:datafield tag="504" ind1=" " ind2=" ">
      <marc:subfield code="a">Comprend des références bibliographiques.</marc:subfield>
    </marc:datafield>
    <marc:datafield tag="520" ind1=" " ind2=" ">
      <marc:subfield code="a">« La plupart des archives, des bibliothèques et des établissements patrimoniaux possèdent des bandes vidéo VHS dans leurs collections. Ces bandes constituent souvent le principal format vidéo que l’on trouve dans ces établissements, car il s’agissait auparavant d’une technique d’enregistrement video économique et simple à utiliser. Malheureusement, comme c’est le cas pour les autres types de bandes magnétiques, la préservation des bandes VHS présente des defies importants: les bandes ont une durée de vie limitée et finissent par se dégrader; la technologie de lecture de ces bandes magnétiques et l’expertise nécessaire à la réparation des lecteurs sont en voie de disparition. Pour que l’information enregistrée sur bande VHS demeure accessible, elle doit être transférée vers une nouvelle technologie. Le présent Bulletin technique contient les renseignements et les procédures à suivre pour numériser des bandes vidéo VHS. Il s’adresse aux établissements patrimoniaux de petite et de moyenne taille qui manquent de fonds pour procéder à une numérisation professionnelle » -- Résumé.</marc:subfield>
    </marc:datafield>
    <marc:datafield tag="692" ind1="0" ind2="7">
      <marc:subfield code="2">gccst</marc:subfield>
      <marc:subfield code="a">Numérisation</marc:subfield>
    </marc:datafield>
    <marc:datafield tag="710" ind1="1" ind2=" ">
      <marc:subfield code="a">Canada. </marc:subfield>
      <marc:subfield code="b">Patrimoine canadien.</marc:subfield>
    </marc:datafield>
    <marc:datafield tag="710" ind1="2" ind2=" ">
      <marc:subfield code="a">Institut canadien de conservation.</marc:subfield>
    </marc:datafield>
    <marc:datafield tag="775" ind1="0" ind2="8">
      <marc:subfield code="t">The digitization of VHS video tapes </marc:subfield>
      <marc:subfield code="w">(CaOODSP)9.808661</marc:subfield>
    </marc:datafield>
    <marc:datafield tag="794" ind1=" " ind2=" ">
      <marc:subfield code="t">La numérisation des bandes vidéo VHS / </marc:subfield>
      <marc:subfield code="b">2020 Édition corrigée</marc:subfield>
      <marc:subfield code="w">(CaOODSP)9.889016</marc:subfield>
    </marc:datafield>
    <marc:datafield tag="830" ind1="#" ind2="0">
      <marc:subfield code="a">Bulletin technique (Institut canadien de conservation)</marc:subfield>
      <marc:subfield code="v">No. 31.</marc:subfield>
      <marc:subfield code="w">(CaOODSP)9.806396</marc:subfield>
    </marc:datafield>
    <marc:datafield tag="856" ind1="4" ind2="0">
      <marc:subfield code="q">PDF</marc:subfield>
      <marc:subfield code="s">2.07 Mo</marc:subfield>
      <marc:subfield code="u">https://publications.gc.ca/collections/collection_2018/pch/CH57-3-1-31-2016-fra.pdf</marc:subfield>
      <marc:subfield code="z">(copie 1)</marc:subfield>
    </marc:datafield>
    <marc:datafield tag="856" ind1="4" ind2="0">
      <marc:subfield code="q">PDF</marc:subfield>
      <marc:subfield code="s">2.54 Mo</marc:subfield>
      <marc:subfield code="u">https://publications.gc.ca/collections/collection_2018/pch/CH57-3-1-31-2016-1-fra.pdf</marc:subfield>
      <marc:subfield code="z">(copie 2)</marc:subfield>
    </marc:datafield>
  </marc:record>
</marc:collection>
